The Facts on File visual dictionary / (Record no. 7369)

MARC details
000 -LEADER
fixed length control field 00814pam a2200265 a 4500
001 - CONTROL NUMBER
control field 2404685
003 - CONTROL NUMBER IDENTIFIER
control field GBCCL
005 - DATE AND TIME OF LATEST TRANSACTION
control field 20241126110626.0
008 - FIXED-LENGTH DATA ELEMENTS--GENERAL INFORMATION
fixed length control field 860312s1986 nyua b 001 0 eng
010 ## -
-- 86006261
020 ## - INTERNATIONAL STANDARD BOOK NUMBER
International Standard Book Number 0816015449 :
Terms of availability $29.95
040 ## - CATALOGING SOURCE
Original cataloging agency DLC
Transcribing agency DLC
Modifying agency DLC
050 00 -
-- AG250
-- .C63 1986
082 00 - DEWEY DECIMAL CLASSIFICATION NUMBER
Classification number 423.1
Edition information 19
Item number COR
100 1# - MAIN ENTRY--PERSONAL NAME
Personal name Corbeil, Jean Claude.
9 (RLIN) 13029
245 14 - TITLE STATEMENT
Title The Facts on File visual dictionary /
Statement of responsibility, etc. Jean-Claude Corbeil.
260 ## - PUBLICATION, DISTRIBUTION, ETC.
Place of publication, distribution, etc. New York :
Name of publisher, distributor, etc. Facts on File,
Date of publication, distribution, etc. c1986.
300 ## - PHYSICAL DESCRIPTION
Extent 797 p. :
Other physical details chiefly ill. ;
Dimensions 24 cm.
500 ## - GENERAL NOTE
General note Includes indexes.
504 ## - BIBLIOGRAPHY, ETC. NOTE
Bibliography, etc. note Bibliography: p. 795.
650 #0 - SUBJECT ADDED ENTRY--TOPICAL TERM
Topical term or geographic name entry element Picture dictionaries, English.
9 (RLIN) 13030
650 #0 - SUBJECT ADDED ENTRY--TOPICAL TERM
Topical term or geographic name entry element Handbooks, vade-mecums, etc.
9 (RLIN) 11636
906 ## - LOCAL DATA ELEMENT F, LDF (RLIN)
a 7
b cbc
c orignew
d 1
e ocip
f 19
g y-gencatlg
942 ## - ADDED ENTRY ELEMENTS (KOHA)
Source of classification or shelving scheme Dewey Decimal Classification
Koha item type Reference Books
Holdings
Withdrawn status Lost status Source of classification or shelving scheme Damaged status Not for loan Home library Current Library Shelving location Date acquired Total checkouts Full call number Barcode Date last seen Copy number Price effective from Koha item type
    Dewey Decimal Classification     GRACE BIBLE COLLEGE GRACE BIBLE COLLEGE Dictionary 2018-08-01   423.1 COR 002566 2025-05-01 c.1 2018-08-01 Reference Books
© Grace Bible College Library 2025